000 00558nam a22001932 4500
001 0000009223
005 20151217154410.0
008 080912s xx 000 0 eng d
020 _a0195119541 :
_cKES 7300
040 _aKABU
_cKABU
100 1 _aKolstad, Charles D.
_@0000160321
245 1 0 _aEnvironmental economics /
_cCharles D. Kolstad.
260 _aOxford :
_bO. U. P.,
_c2000.
300 _axi, 400 p.
650 0 _aEnvironmental economics.
_@0000150102
908 _a080912
950 _@1
999 _c11011
_d11011